000 00391nam a2200169Ia 4500
008 230524s9999 xx 000 0 und d
020 _a0074631217
082 _a1.642
_bFAI
100 _aRichard Fairley
245 0 _aSoftware Engineering
250 _a1ST
260 _aNEW DELHI
_bTMH
_c2000
300 _aXV;346
500 _aQuantity Number: 42
650 _aComp-Sc
942 _cBK
999 _c23808
_d23808